000 00628nam a2200205Ii 4500
003 JO-AjNU
008 230606s9999||||xx |||||||||||||| ||und||
020 _a978-13-300706-0/0-13-300706-5
040 _aJO-AjNU
_beng
_erda
_cJO-AjNU
041 _aeng
050 1 4 _aTK5103.2.M98 2004
100 3 _aMurthy, Siva ram,
_eauthor
_92822
245 0 0 _aAd Hoc Wireless Networks Architecture and protocols
264 3 1 _aNew Delhi:Tata Mcgraw hill,2004
300 _a854P
336 _atext
_btxt
_2rdacontent
337 _aunmediated
_bn
_2rdamedia
338 _avolume
_bnc
_2rdacarrier
650 4 _aAd Hoc Wireless Networks
_92823
999 _aE1479
_c1479
_d1479